Normal view
MARC view
- Poesía colombiana
Entry Materia
001 - NÚMERO DE CONTROL DEL REGISTRO
- campo de control: 1223
003 - IDENTIFICADOR DE NUMERO DE CONTROL
- campo de control: MX-MxUPN
005 - FECHA Y HORA DE LA ÚLTIMA TRANSACCIÓN
- campo de control: 20260330105350.0
008 - DATOS DE LONGITUD FIJA
- campo de control de longitud fija: 260330n||acnnnbabn | ana |d
035 ## - NÚMERO DE CONTROL DEL SISTEMA
- Número de control del sistema: UPN10000001223
040 ## - FUENTE DE LA CATALOGACIÓN
- Centro catalogador de origen: MX-MxUPN
- Lengua de catalogación: spa
- Agencia de transcripción: MX-MxUPN
053 #4 - NÚMERO CLASIFICADOR - BIBLIOTECA DEL CONGRESO (LC)
- Elemento numérico de la clasificación - Número único o no. inicial del rango: PQ8174
150 ## - ENCABEZAMIENTO - TEMÁTICO
- Término de materia o nombre geográfico como elemento inicial: Poesía colombiana
550 ## - VÉASE ADEMÁS - MATERIA
- Encabezamiento temático o nombre geográfico como elemento de entrada: Literatura colombiana
- Subcampo de control: g
670 ## - FUENTE EN LA QUE SE LOCALIZARON DATOS
- Cita de la fuente: E
670 ## - FUENTE EN LA QUE SE LOCALIZARON DATOS
- Cita de la fuente: Autoridades LC, 30 marzo 2026 :
- Información localizada: (Colombian poetry)
- Identificador Uniforme del Recurso: https://lccn.loc.gov/sh85028533
902 ## - CATALOGADOR
- Catalogador: CAA/180996
- Catalogador: JohanaAllegre/300326
